| 000 | 00930nam a2200229 i 4500 | ||
|---|---|---|---|
| 001 | 81552 | ||
| 003 | ES-MaACL | ||
| 005 | 20250808030135.0 | ||
| 007 | t| | ||
| 008 | 041105s1929 sp ||||1| spa d | ||
| 100 | 1 |
_aHusserl, Edmund. _964818 |
|
| 245 | 1 | 0 |
_aInvestigaciones lógicas / _cEdmund Husserl ; traducción del alemán por Manuel G. Morente y José Gaos. |
| 260 |
_aMadrid : _bRevista de Occidente, _c[1929] ( _fImp. Galo Sáez) |
||
| 300 |
_a3 t. en 4 v. ; _c23 cm. |
||
| 505 | 8 | _aContiene: I. Prolegómenos a la lógica pura (265 p.) - II-III. Investigaciones para la fenomenología y teoría del conocimiento - IV. Elementos de un esclarecimiento fenomenológico del conocimiento (255 p.) | |
| 650 | 4 |
_aLógica. _914693 |
|
| 650 | 0 | 0 |
_aFenomenología. _912756 |
| 700 | 1 |
_aGarcía Morente, Manuel, _d1886-1942 _955002 |
|
| 700 | 1 |
_aGaos, José. _953902 |
|
| 852 |
_aES-MaACL _jB-3462-65 |
||
| 999 |
_c81552 _d81552 |
||